000 00687cam a2200217 a 4500
001 4906718
005 20231204023708.0
008 940531s1995 nyu b 001 0 eng
020 _a0415906814 (acidfree paper) :
020 _a0415906822 (pbk. : acidfree paper) :
040 _aDLC
_cDLC
_dDLC
082 0 0 _a305.42/01
_220
_bKEL.
100 1 _aOliver, Kelly,
245 1 0 _aWomanizing Nietzsche :
_bphilosophy's relation to the "feminine" /
_cKelly Oliver.
260 _aNew York :
_bRoutledge,
_c1995.
300 _axvii, 225 p. ;
650 0 _aWoman (Philosophy)
650 0 _aFeminist theory.
856 4 2 _uhttp://www.loc.gov/catdir/enhancements/fy0651/94025602-d.html
942 _cL
999 _c128
_d128